Từ điển cụm động từ Anh Việt = Dictionary of English - Vietnamese phrasal verbs
Gardado en:
| Autor Principal: | |
|---|---|
| Formato: | Libro |
| Idioma: | Undetermined |
| Publicado: |
Hà Nội
Văn hóa Thông tin
1998
|
| Những chủ đề: | |
| Các nhãn: |
Engadir etiqueta
Sen Etiquetas, Sexa o primeiro en etiquetar este rexistro!
|
| Thư viện lưu trữ: | Trung tâm Học liệu Trường Đại học Cần Thơ |
|---|
| LEADER | 00637nam a2200217Ia 4500 | ||
|---|---|---|---|
| 001 | CTU_88015 | ||
| 008 | 210402s9999 xx 000 0 und d | ||
| 020 | |c 33000 | ||
| 082 | |a 495.922321 | ||
| 082 | |b Ph513 | ||
| 100 | |a Bùi, Phụng | ||
| 245 | 0 | |a Từ điển cụm động từ Anh Việt = | |
| 245 | 0 | |b Dictionary of English - Vietnamese phrasal verbs | |
| 245 | 0 | |c Bùi Phụng | |
| 260 | |a Hà Nội | ||
| 260 | |b Văn hóa Thông tin | ||
| 260 | |c 1998 | ||
| 650 | |a English language | ||
| 650 | |x Verb phrase,Vietnamese | ||
| 904 | |i Trúc | ||
| 980 | |a Trung tâm Học liệu Trường Đại học Cần Thơ | ||